000
00199 a2200097 4500
001
469
100
_a
Henney,K
245
_a
Electronic components handbook
260
_a
_b
McGraw
_c
090
_c
87
_d
87
942
_a
NUST-CAE
_c
M
_c
35488
999
_c
235542
_d
235542